Determinants of Individual Wages in the Slovak Republic

Teoretické prístupy a praktické príklady určovania determinantov miezd na Slovensku.

Enregistré dans:
Détails bibliographiques
Auteur principal: Gottvald, Jaromír
Autres auteurs: Rievajová, Eva, Šipikalová, Silvia, 1979-
Format: Chapitre de livre
Langue:anglais
Sujets:
Tags: Ajouter un tag
Pas de tags, Soyez le premier à ajouter un tag!

MARC

LEADER 00000naa a2200000 4500
001 0177247
005 20240502073023.5
041 0 |a eng 
044 |a SK 
245 1 0 |a Determinants of Individual Wages in the Slovak Republic  |c Jaromír Gottvald, Eva Rievajová, Silvia Šipikalová 
520 |a Teoretické prístupy a praktické príklady určovania determinantov miezd na Slovensku. 
610 2 0 |a Slovensko 
610 2 0 |a modely ekonomicko-matematické 
610 2 0 |a mzdy 
610 2 0 |a rovnosť rodová 
610 2 0 |a diferenciácia regionálna 
100 1 |a Gottvald, Jaromír 
700 1 |a Rievajová, Eva 
700 1 |a Šipikalová, Silvia, 1979-